Magical dragon Land : (Registro nro. 13230)
[ vista simple ]
| 000 -LIDER | |
|---|---|
| fixed length control field | 00490nam a22001697a 4500 |
| 003 - IDENTIFICACDOR DE NÚMERO DE CONTROL | |
| control field | DO-SdBNP |
| 005 - DATE AND TIME OF LATEST TRANSACTION | |
| control field | 20171201101057.0 |
| 008 - ELEMENTOS DE LONGITUD FIJA | |
| fixed length control field | 171201b 2001us||||| |||| 00| 0 spa d |
| 040 ## - FUENTE DE CATALOGACIÓN | |
| Agencia que crea de manera original el registro | BPMSU |
| Idioma de catalogación | spa |
| Agencia que realiza la transcripción | BPMSU |
| 245 ## - MENCIÓN DE TITULO | |
| Título | Magical dragon Land : |
| Subtítulo | a magnetic playbook / |
| Mención de responsabilidad | ilustración Sue DiCicco |
| 260 ## - PUBLICACIÓN, DISTRIBUCIÓN, ETC. (PIE DE IMPRENTA) | |
| Lugar de publicación, distribución, etc | New York : |
| Nombre del editor, distribuidor, etc. | Random House , |
| Fecha de publicación, distribución, etc | 1983 |
| 300 ## - DESCRIPCIÓN FÍSICA | |
| Extensión | 4p. : |
| Otros detalles físicos | il ; |
| Dimensiones | 20 cm. |
| 490 1# - MENCIÓN DE SERIES | |
| Mención de serie | Dragon Tales |
| 830 ## - ASIENTO SECUNDARIO DE SERIE--TÍTULO UNIFORME | |
| Título uniforme | Dragon Tales |
| 942 ## - ADDED ENTRY ELEMENTS (KOHA) | |
| Source of classification or shelving scheme | Dewey Decimal Classification |
| Koha item type | Libros |
| 945 ## - INFORMACIÓN DE PROCESAMIENTO LOCAL | |
| Información de procesamiento local | Inventariado, 2017/MFF |
| Withdrawn status | Lost status | Source of classification or shelving scheme | Damaged status | Not for loan | Collection code | Home library | Current library | Date acquired | Total Checkouts | Barcode | Date last seen | Price effective from | Koha item type |
|---|---|---|---|---|---|---|---|---|---|---|---|---|---|
| Dewey Decimal Classification | Colección Infantil General | Biblioteca Pública Metropolitana Salomé Ureña | Biblioteca Pública Metropolitana Salomé Ureña | 12/01/2017 | BPMSU17120005 | 12/01/2017 | 12/01/2017 | Libros |